| 000 | 00371nam a22001457a 4500 | ||
|---|---|---|---|
| 999 |
_c478292 _d478292 |
||
| 003 | NUST | ||
| 005 | 20180518073448.0 | ||
| 008 | 180518b ||||| |||| 00| 0 eng d | ||
| 082 | _a355.032 HAL | ||
| 100 |
_416835 _aHali, S.M. _99213 |
||
| 245 |
_aDefence & Diplomacy _bS.M. Hali |
||
| 260 |
_aIslamabad _c2015 |
||
| 650 |
_aDiplomatic relations _96585 |
||
| 942 |
_2ddc _cBK |
||